Parole parole parole - Statistics

Statistiche generali
  • Questo quiz è stato fatto 45 volte
  • Il punteggio medio è 13 su 20
Statistiche sulle risposte
Domanda Risposta % Corretto
Che cos'è la rivoltella? Pistola
100%
"Eccetera" deriva dal latino "et cetera" che significava... E i rimanenti
88%
Le salpingi, organi dell'apparato genitale femminile, sono anche dette tube di... Falloppio
88%
Qual è l'articolo corretto della parola "echi"? Gli
88%
La maestra ha cercato ______ di calmare gli alunni. invano
88%
Qual è un sinonimo di "succulento"? Luculliano
88%
Che cosa si indicava in passato in Piemonte col termine "giambone"? Prosciutto
88%
Raccolta di opere o brani scelti. Florilegio
75%
Parte carnosa che avvolge il gheriglio della noce. Mallo
75%
Com'è una persona tracotante? Arrogante
63%
Oltre a una strada, che cosa può essere sdrucciolevole? Discorso
63%
Da cosa deriva la parola "bikini"? Isoletta del Pacifico
63%
Quale di queste parole è decisamente scorretta? Propinguo
63%
Che tende a trarre in inganno. Capzioso
50%
Improntato a blandizie affettata o addirittura insincera e simulata. Mellifluo
50%
Quale di questi numeri è scritto in maniera sbagliata? Trentatre
50%
Quale di queste espressioni indica una risposta affermativa? Vada!
50%
La corrente artistica del Dadaismo deriva il proprio nome dalla parola "dada", apparentemente senza senso, che potrebbe indicare il... cavallo a dondolo
38%
Una storiella ______ contiene episodi molto spinti o lascivi. salace
38%
Trilionesimo di secondo. Attosecondo
13%
Nessun quiz corrispondente trovato
Distribuzione punteggi
Percentuale di utenti per punteggio
Percentile per numero di risposta
I tuoi punteggi nel tempo
Non hai fatto questo quiz